Old priest and new presbyter ; [episcopacy and Presbyterianism since the Reformation with especial relation to the Churches of England and Scotland; being the Gunning lectures delivered in the University of Edinburgh 1953-54 and the Edward Cadbury lectures in the University of Birmingham, 1954-55].

Bibliographic Details
Main Author: Sykes, Norman, 1897-1961
Format: Book
Language:English
Published: Cambridge [England] : University Press, [1956]
Subjects:

MARC

Tag First Indicator Second Indicator Subfields
LEADER 00000cam a2200000 4500
001 in00000037708
005 20151007080555.0
008 740318s1956 eng u
010 |a  56002998  
035 |a (OCoLC)00832520 
035 |9 AAF5035AM 
040 |c KSU  |d TXA  |d UtOrBLW 
049 |a TXAM  |c [266766] 
050 0 0 |a BX5176  |b .S9 
092 |a 262.3  |b S983o 
100 1 |a Sykes, Norman,  |d 1897-1961. 
245 1 0 |a Old priest and new presbyter ;  |b [episcopacy and Presbyterianism since the Reformation with especial relation to the Churches of England and Scotland; being the Gunning lectures delivered in the University of Edinburgh 1953-54 and the Edward Cadbury lectures in the University of Birmingham, 1954-55]. 
264 1 |a Cambridge [England] :  |b University Press,  |c [1956] 
300 |a viii, 266 pages ;  |c 22cm. 
336 |a text  |b txt  |2 rdacontent 
337 |a unmediated  |b n  |2 rdamedia 
338 |a volume  |b nc  |2 rdacarrier 
610 2 0 |a Church of England  |x Bishops. 
610 2 0 |a Church of England  |x Relations. 
650 0 |a Episcopacy. 
650 0 |a Presbyterianism. 
999 |a MARS 
999 f f |s 59b17425-5d79-3046-8517-23168ec00e40  |i 12aa39a7-da6d-30e4-9b88-fc9f8e22946e  |t 0 
952 f f |p ric  |a Texas A&M University  |b Rellis Campus  |c Joint Library Facility  |d Remote Storage  |t 0  |e BX5176 .S9  |h Library of Congress classification  |i unmediated -- volume  |m A14800615844 
998 f f |a BX5176 .S9  |t 0  |l Remote Storage